000 00474nam a2200169Ia 4500
005 20241107152605.0
008 240126s9999 xx 000 0 und d
020 _a9788187881087
082 _a294.54 PRA;1 R
100 _aPrashad, H.
245 0 _aImproved longevity of life by evolution of consciousness
260 _bShiva Publishing house
_aUttarkhand
_c2013
300 _axiv, 273
440 _aNULL
650 _aImproved,longevity,consciousness
942 _cPU
999 _c276601
_d276601